01433cam a2200253 a 450000100060000000300080000600500170001400800410003103500160007203500190008804000320010704100080013908200150014710000400016224500300020225000210023226000350025330000300028850000800031850506150039894200120101399900170102595201370104218675BD-RjUL20211209000322.0140222r19611923enk 000 0 eng d aoxf98005535 a(BD-RjUL)18733 aBMCcBMCdm.cdBD-RjULbeng aeng a821.9bMAP1 aMasefield, John,d1878-1967.95332010aPoems /c John Masefield. aRevised edition. aLondon :bW. Heinemann,c1946. aix, [i], 933 p. ;c19 cm. aRevised edition of the author's Collected poems, first published Oct. 1923.0 aFrom Wonderings and land workers.--The everlasting mercy.--The widow in the Bye Street.--Dauber.--The daffodil fields.--From Philip the King.--Lollingdon Downs.--From Good Friday.--Reynard the fox, or The ghost heath run.--Enslaved and other poems.--Right Royal.--King Cole.--From Sard Harker.--From Midsummer night.--From The Wanderer.--From Minnie Maylow's story.--A tale of Troy.--From A letter from Pontus.--From Country scene.--From Tribute to ballet.--From Gautama the enlightened.--Pavilastukay.--From Salt water ballads.--From ballads and poems.--Three lyrics from Pompey the Great.--From various books 2ddccBK c18675d18675 00102ddc40708NFICaRUCLbRUCLcStackd1964-03-19eZeitlingerg30.00l0o821.9 MAP 1961r2014-02-22 00:00:00tC-2w2014-02-22yBK